[Event "HUN-chT2 Barcza 1819"]
[Site "Hungary"]
[Date "2019.02.10"]
[Round "7.1"]
[White "Pal, Ferenc"]
[Black "Okhotnik, Vladimir"]
[Result "0-1"]
[WhiteElo "1961"]
[BlackElo "2369"]
[PlyCount "56"]
[EventDate "2018.09.23"]
[EventType "team-tourn"]
[EventRounds "11"]
[EventCountry "HUN"]
[SourceTitle "CBM 189 Extra"]
[Source "ChessBase"]
[SourceDate "2019.06.03"]
[SourceVersion "1"]
[SourceVersionDate "2019.06.03"]
[SourceQuality "1"]
[WhiteTeam "Hajduszoboszlo"]
[BlackTeam "Miskolc Kisbocsok"]
[WhiteTeamCountry "HUN"]
[BlackTeamCountry "HUN"]

1. e4 d6 2. Nf3 Nf6 3. Nc3 e5 4. d4 Nbd7 5. Bc4 Be7 6. 0-0 0-0 7. dxe5 dxe5 8. a3 c6 9. Be3 Qc7 10. Qe2 Nc5 11. Nd2 Ne6 12. b4 b5 13. Bb3 a5 14. Na2 Nd4 15. Bxd4 exd4 16. bxa5 Bxa3 17. Qd3 Bc5 18. Nf3 Qf4 19. Nxd4 Nxe4 20. Rad1 Bxd4 21. Qxd4 c5 22. g3 Nxg3 23. Qxf4 Ne2+ 24. Kg2 Nxf4+ 25. Kf3 g5 26. Nc3 c4 27. Ba2 Rxa5 28. Rb1 Ra3 0-1

[Event "HUN-chT2 Barcza 0405"]
[Site "Hungary"]
[Date "2005.03.06"]
[Round "9"]
[White "Pal, Ferenc"]
[Black "Uzonyi, David"]
[Result "1-0"]
[WhiteElo "2025"]
[BlackElo "1753"]
[PlyCount "119"]
[EventDate "2004.09.26"]
[EventType "team"]
[EventRounds "11"]
[EventCountry "HUN"]
[SourceTitle "EXT 2009"]
[Source "ChessBase"]
[SourceDate "2008.11.26"]
[SourceVersion "1"]
[SourceVersionDate "2008.11.26"]
[SourceQuality "1"]
[WhiteTeam "Piremon II"]
[BlackTeam "Hajduboszormeny II"]
[WhiteTeamCountry "HUN"]
[BlackTeamCountry "HUN"]

1. e4 c5 2. Nf3 e6 3. Nc3 a6 4. d4 cxd4 5. Nxd4 b5 6. Bd3 Bb7 7. 0-0 d6 8. Be3 Nf6 9. f3 Be7 10. Nce2 0-0 11. c4 bxc4 12. Bxc4 d5 13. exd5 Nxd5 14. Bf2 Nd7 15. a3 Rc8 16. Rc1 N7b6 17. Ba2 Bg5 18. Rxc8 Qxc8 19. Qd3 Rd8 20. Bb1 g6 21. h4 Bh6 22. Qb3 Qc4 23. Be4 Qc7 24. Nxe6 fxe6 25. Bxb6 Nxb6 26. Qxe6+ Kf8 27. Qf6+ Kg8 28. Bxb7 Rd6 29. Qe5 Qd8 30. Qe4 a5 31. g3 Rd2 32. b4 axb4 33. axb4 Bg7 34. g4 Nd7 35. Qe6+ Kh8 36. Rc1 Qb6+ 37. Qxb6 Nxb6 38. Kf1 Kg8 39. Ke1 Rd7 40. Bc6 Rd8 41. Rd1 Rxd1+ 42. Kxd1 Kf8 43. Kc2 Ke7 44. Kd3 Kd6 45. Nd4 Bf6 46. Nb3 Bb2 47. Nd2 Bg7 48. Ne4+ Ke6 49. Ng5+ Kd6 50. Nxh7 Be5 51. f4 Bg7 52. Ng5 Bb2 53. Ke4 Ba1 54. f5 gxf5+ 55. Kxf5 Ke7 56. h5 Kf8 57. h6 Kg8 58. Kg6 Bh8 59. Nf7 Bd4 60. h7+ 1-0

[Event "HUN-chT2 Barcza 0405"]
[Site "Hungary"]
[Date "2005.02.20"]
[Round "8"]
[White "Csolto, Tibor Jr"]
[Black "Pal, Ferenc"]
[Result "1-0"]
[WhiteElo "2131"]
[BlackElo "2025"]
[PlyCount "99"]
[EventDate "2004.09.26"]
[EventType "team"]
[EventRounds "11"]
[EventCountry "HUN"]
[SourceTitle "EXT 2009"]
[Source "ChessBase"]
[SourceDate "2008.11.26"]
[SourceVersion "1"]
[SourceVersionDate "2008.11.26"]
[SourceQuality "1"]
[WhiteTeam "Kazincbarcika"]
[BlackTeam "Piremon II"]
[WhiteTeamCountry "HUN"]
[BlackTeamCountry "HUN"]

1. e4 c5 2. Nf3 Nc6 3. d4 cxd4 4. Nxd4 Nf6 5. Nc3 e6 6. Ndb5 a6 7. Nd6+ Bxd6 8. Qxd6 Qe7 9. Bf4 0-0 10. 0-0-0 b5 11. Qd3 e5 12. Bg5 Qe6 13. Kb1 Nd4 14. f4 Ng4 15. Bh4 Qh6 16. Qg3 d6 17. f5 Ne3 18. Bg5 Nxf1 19. Rhxf1 Qh5 20. Nd5 Bxf5 21. Ne7+ Kh8 22. Nxf5 Nxf5 23. exf5 f6 24. Bc1 Rfd8 25. Rd5 Rac8 26. Qf3 Qh4 27. g4 h6 28. h3 Rc4 29. b3 Rc5 30. Rxc5 dxc5 31. Be3 c4 32. Kb2 cxb3 33. axb3 Kh7 34. Bf2 Qg5 35. Qe3 Rd2 36. Qxg5 hxg5 37. Bc5 Rh2 38. Rf3 e4 39. Re3 g6 40. fxg6+ Kxg6 41. Rxe4 Rxh3 42. Ka3 Rh4 43. Rd4 Kf7 44. Kb4 Ke6 45. Ka5 Rh2 46. Kxa6 Rxc2 47. Kxb5 f5 48. gxf5+ Kxf5 49. b4 g4 50. Rd3 1-0

[Event "HUN-chT2 Barcza 0405"]
[Site "Hungary"]
[Date "2004.12.05"]
[Round "4"]
[White "Pal, Ferenc"]
[Black "Hegedus, Gyorgy"]
[Result "0-1"]
[WhiteElo "2025"]
[BlackElo "2111"]
[PlyCount "101"]
[EventDate "2004.09.26"]
[EventType "team"]
[EventRounds "11"]
[EventCountry "HUN"]
[SourceTitle "EXT 2009"]
[Source "ChessBase"]
[SourceDate "2008.11.26"]
[SourceVersion "1"]
[SourceVersionDate "2008.11.26"]
[SourceQuality "1"]
[WhiteTeam "Piremon II"]
[BlackTeam "DEAC"]
[WhiteTeamCountry "HUN"]
[BlackTeamCountry "HUN"]

1. e4 e5 2. Nf3 Nc6 3. Nc3 d6 4. d4 Bg4 5. Be3 a6 6. Bc4 Be7 7. a3 Nf6 8. 0-0 0-0 9. d5 Nb8 10. Be2 Nbd7 11. Nd2 Bxe2 12. Qxe2 h6 13. f4 exf4 14. Bxf4 Nh7 15. Rf3 Bg5 16. Raf1 Qe7 17. b4 Ne5 18. Rg3 Ng6 19. Bxg5 Nxg5 20. Nf3 Nxf3+ 21. Qxf3 Rae8 22. Qg4 Qe5 23. Kh1 Qe7 24. h3 Qh4 25. Qf3 Ne5 26. Qf2 Qe7 27. Qf4 Ng6 28. Qg4 Kh7 29. Re3 Qh4 30. Qf3 Kg8 31. Rfe1 Ne5 32. Qf1 Re7 33. Nd1 Rfe8 34. Nf2 h5 35. g3 Qf6 36. Kg2 Qg6 37. Qe2 b5 38. Kh2 Qh7 39. Qf1 Nc4 40. Rd3 f5 41. Rc3 fxe4 42. Rxc4 bxc4 43. Qxc4 Qf5 44. Qd4 Re5 45. c4 e3 46. Nd1 Re4 47. Qd3 Rf4 48. Rf1 Rxf1 49. Qxf1 e2 50. Qe1 exd1Q 51. Qxd1 0-1

[Event "HUN-chT2 Barcza 0304"]
[Site "Hungary"]
[Date "2004.04.18"]
[Round "11"]
[White "Nagy, Sandor"]
[Black "Pal, Ferenc"]
[Result "1-0"]
[WhiteElo "2103"]
[BlackElo "2029"]
[PlyCount "76"]
[EventDate "2003.08.29"]
[EventType "team"]
[EventRounds "11"]
[EventCountry "HUN"]
[SourceTitle "EXT 2009"]
[Source "ChessBase"]
[SourceDate "2008.11.26"]
[SourceVersion "1"]
[SourceVersionDate "2008.11.26"]
[SourceQuality "1"]
[WhiteTeam "DEAC"]
[BlackTeam "Piremon II"]
[WhiteTeamCountry "HUN"]
[BlackTeamCountry "HUN"]

1. d4 d5 2. c4 e6 3. Nc3 Nf6 4. Bg5 c6 5. e3 Nbd7 6. Nf3 Qa5 7. Nd2 Bb4 8. Qc2 Ne4 9. Ndxe4 dxe4 10. Bf4 g5 11. Bg3 h5 12. h4 g4 13. Be2 f5 14. 0-0 Be7 15. d5 cxd5 16. cxd5 e5 17. Nb5 0-0 18. d6 Bf6 19. Nc7 Rb8 20. Qc4+ Kh7 21. Ne6 Rg8 22. Ng5+ Rxg5 23. hxg5 Bxg5 24. Qf7+ Kh6 25. Rac1 f4 26. Qe6+ Nf6 27. Rxc8 Rxc8 28. Qxc8 fxg3 29. fxg3 Qd2 30. Qf8+ Kg6 31. Bc4 Bxe3+ 32. Kh1 Bf2 33. d7 Nxd7 34. Qxf2 Qxf2 35. Rxf2 e3 36. Re2 Kf5 37. Rxe3 Nf6 38. Kg1 e4 1-0

[Event "HUN-chT2 Barcza 0304"]
[Site "Hungary"]
[Date "2004.03.21"]
[Round "9"]
[White "Pal, Ferenc"]
[Black "Farkas, Daniel"]
[Result "0-1"]
[WhiteElo "2029"]
[BlackElo "2063"]
[PlyCount "112"]
[EventDate "2003.08.29"]
[EventType "team"]
[EventRounds "11"]
[EventCountry "HUN"]
[SourceTitle "EXT 2009"]
[Source "ChessBase"]
[SourceDate "2008.11.26"]
[SourceVersion "1"]
[SourceVersionDate "2008.11.26"]
[SourceQuality "1"]
[WhiteTeam "Piremon II"]
[BlackTeam "Miskolc EMSE"]
[WhiteTeamCountry "HUN"]
[BlackTeamCountry "HUN"]

1. e4 c5 2. Nf3 Nc6 3. d4 cxd4 4. Nxd4 Nf6 5. Nc3 e5 6. Ndb5 d6 7. Bg5 a6 8. Na3 b5 9. Bxf6 gxf6 10. Nd5 f5 11. Bd3 Be6 12. c3 Bg7 13. Qf3 f4 14. g3 fxg3 15. hxg3 Rb8 16. Nc2 Ne7 17. Nce3 h6 18. Rh5 Qd7 19. Nf6+ Bxf6 20. Qxf6 Ng6 21. Nf5 Bxf5 22. exf5 Qe7 23. Qg7 Qf8 24. Qxf8+ Nxf8 25. Kd2 Nd7 26. Rah1 Ke7 27. Rxh6 Rhg8 28. Rg1 Nf6 29. f3 Rh8 30. Rxh8 Rxh8 31. Rg2 d5 32. Kc2 Rg8 33. g4 Nh7 34. Kb3 Ng5 35. Rf2 f6 36. Kb4 Kd6 37. Be2 e4 38. f4 Nh3 39. Rf1 d4 40. cxd4 Kd5 41. Kc3 Rc8+ 42. Kd2 Kxd4 43. Bd1 e3+ 44. Ke2 Ke4 45. Rh1 Nxf4+ 46. Ke1 Rc1 47. Rh2 e2 48. Rxe2+ Nxe2 49. Kxe2 Rxd1 50. Kxd1 Kf4 51. a4 Kxg4 52. Ke2 Kxf5 53. Kf3 Ke5 54. Ke3 f5 55. Kf3 b4 56. Ke3 f4+ 0-1

[Event "HUN-chT2 Barcza 0304"]
[Site "Hungary"]
[Date "2003.11.16"]
[Round "3"]
[White "Pal, Ferenc"]
[Black "Mizik, Zsolt"]
[Result "1/2-1/2"]
[WhiteElo "2029"]
[BlackElo "1957"]
[PlyCount "77"]
[EventDate "2003.08.29"]
[EventType "team"]
[EventRounds "11"]
[EventCountry "HUN"]
[SourceTitle "EXT 2009"]
[Source "ChessBase"]
[SourceDate "2008.11.26"]
[SourceVersion "1"]
[SourceVersionDate "2008.11.26"]
[SourceQuality "1"]
[WhiteTeam "Piremon II"]
[BlackTeam "Tiszavasvar"]
[WhiteTeamCountry "HUN"]
[BlackTeamCountry "HUN"]

1. e4 e5 2. Nf3 Nc6 3. Bc4 Bc5 4. 0-0 d6 5. c3 Bg4 6. d4 exd4 7. Bxf7+ Kxf7 8. Ng5+ Qxg5 9. Qb3+ Be6 10. Qxb7 Qd8 11. Qxc6 Nf6 12. b4 Bb6 13. a4 dxc3 14. Nxc3 Qd7 15. Qxd7+ Bxd7 16. Bg5 Rhe8 17. Bxf6 gxf6 18. Rac1 Re5 19. a5 Bd4 20. Ne2 Rxe4 21. Nxd4 Rxd4 22. Rxc7 Ke7 23. Rb7 Kd8 24. h3 Kc8 25. a6 Rc4 26. Rd1 Rc6 27. b5 Rb6 28. Rxb6 axb6 29. Rxd6 Bxb5 30. Rxb6 Bxa6 31. Rxf6 Ra7 32. g4 Kd8 33. Kh2 Ke8 34. Kg3 Bc8 35. f4 Rf7 36. Rb6 Rb7 37. Rh6 Kf8 38. f5 Kg7 39. Rc6 1/2-1/2

[Event "Debrecen Aranybika op 5th"]
[Site "Debrecen"]
[Date "2002.12.29"]
[Round "8.6"]
[White "Miko, Valer"]
[Black "Pal, Ferenc"]
[Result "1-0"]
[WhiteElo "2020"]
[BlackElo "2058"]
[PlyCount "105"]
[EventDate "2002.12.30"]
[EventType "swiss"]
[EventRounds "10"]
[EventCountry "HUN"]
[SourceTitle "CBM 092 Extra"]
[Source "ChessBase"]
[SourceDate "2003.03.07"]
[SourceVersion "1"]
[SourceVersionDate "2003.03.07"]
[SourceQuality "1"]

1. e4 c5 2. Nf3 Nc6 3. d4 cxd4 4. Nxd4 g6 5. c4 Bg7 6. Be3 Nf6 7. Nc3 d6 8. f3 a6 9. Qd2 Nxd4 10. Bxd4 0-0 11. Bd3 Bd7 12. 0-0 Rc8 13. Kh1 Bc6 14. Nd5 Nd7 15. Bxg7 Kxg7 16. b3 Kg8 17. f4 Nc5 18. f5 b5 19. Rf3 Bxd5 20. cxd5 Nxd3 21. Rxd3 e6 22. dxe6 Qf6 23. exf7+ Rxf7 24. Rf1 Rc6 25. Rdf3 g5 26. Rg3 h6 27. Qd5 Rc5 28. Qa8+ Kg7 29. Qxa6 Rfc7 30. Rd3 Rc1 31. Rdd1 Rxd1 32. Rxd1 Qd4 33. Rg1 Qd3 34. a4 Qxb3 35. axb5 Qd3 36. Qb6 Re7 37. Qc6 Rxe4 38. Qc7+ Kf6 39. b6 Re7 40. Qd8 Kf7 41. f6 Rb7 42. Re1 Qd5 43. Qe8+ Kxf6 44. Rf1+ Kg7 45. Qf8+ Kh7 46. Qc8 Kg6 47. Qe8+ Kg7 48. Qc8 Kh7 49. Rc1 Kg6 50. Qe8+ Kf5 51. Rf1+ Kg4 52. h3+ Kg3 53. Qe1# 1-0

[Event "Debrecen Aranybika op 5th"]
[Site "Debrecen"]
[Date "2002.12.29"]
[Round "7.8"]
[White "Pal, Ferenc"]
[Black "Kocsis, Istvan"]
[Result "1-0"]
[WhiteElo "2058"]
[BlackElo "1806"]
[PlyCount "53"]
[EventDate "2002.12.30"]
[EventType "swiss"]
[EventRounds "10"]
[EventCountry "HUN"]
[SourceTitle "CBM 092 Extra"]
[Source "ChessBase"]
[SourceDate "2003.03.07"]
[SourceVersion "1"]
[SourceVersionDate "2003.03.07"]
[SourceQuality "1"]

1. e4 c5 2. Nf3 a6 3. c3 Nc6 4. d4 cxd4 5. cxd4 e6 6. Nc3 Bb4 7. Be2 d5 8. exd5 Qxd5 9. 0-0 Qd8 10. a3 Be7 11. d5 exd5 12. Nxd5 Be6 13. Nxe7 Ngxe7 14. b4 b5 15. Ng5 Bd5 16. Bb2 f6 17. Bh5+ Ng6 18. Re1+ Nce7 19. Nxh7 Bf7 20. Qg4 Rxh7 21. Bxg6 Rh6 22. Bxf7+ Kxf7 23. Qe6+ Kf8 24. h3 Ra7 25. Rad1 Qc8 26. Qxc8+ Nxc8 27. Rd8+ 1-0

[Event "Debrecen Aranybika op 5th"]
[Site "Debrecen"]
[Date "2002.12.28"]
[Round "5.6"]
[White "Pal, Ferenc"]
[Black "Galamba, Stanislav"]
[Result "0-1"]
[WhiteElo "2058"]
[BlackElo "2108"]
[PlyCount "114"]
[EventDate "2002.12.30"]
[EventType "swiss"]
[EventRounds "10"]
[EventCountry "HUN"]
[SourceTitle "CBM 092 Extra"]
[Source "ChessBase"]
[SourceDate "2003.03.07"]
[SourceVersion "1"]
[SourceVersionDate "2003.03.07"]
[SourceQuality "1"]

1. e4 c5 2. Nf3 e6 3. Nc3 Nc6 4. d4 cxd4 5. Nxd4 Nf6 6. Bg5 Bb4 7. Nxc6 bxc6 8. e5 Qa5 9. exf6 Qxg5 10. fxg7 Qe5+ 11. Be2 Bxc3+ 12. bxc3 Qxc3+ 13. Kf1 Qxg7 14. h4 Rg8 15. Bf3 Ke7 16. Rb1 Ba6+ 17. Kg1 Rab8 18. Rb3 Bc4 19. Ra3 Rb7 20. Kh2 Bd5 21. Re1 Bxf3 22. Qxf3 Qg4 23. Qxg4 Rxg4 24. Kh3 Rc4 25. c3 d5 26. Re3 f5 27. Rg3 Kf8 28. Rg5 Rc5 29. f3 a5 30. g4 Rg7 31. Rh5 fxg4+ 32. fxg4 Ke7 33. g5 Kd6 34. Kg3 Rf7 35. Rh6 Ke5 36. Rb3 a4 37. Rb1 Rxc3+ 38. Kg4 Rc4+ 39. Kh5 Kd6 40. Rf6 Rxf6 41. gxf6 Rf4 42. Kg5 Rf5+ 43. Kh6 Rxf6+ 44. Kxh7 Rf4 45. h5 Rg4 46. h6 d4 47. Kh8 c5 48. h7 c4 49. a3 Rh4 50. Kg7 c3 51. Rb4 Kd5 52. Rb5+ Kc4 53. Re5 Kd3 54. Rxe6 Rxh7+ 55. Kxh7 c2 56. Rc6 Kd2 57. Kg6 c1Q 0-1

[Event "Debrecen Aranybika op 5th"]
[Site "Debrecen"]
[Date "2002.12.28"]
[Round "3.8"]
[White "Pal, Ferenc"]
[Black "Mandi, Attila"]
[Result "1-0"]
[WhiteElo "2058"]
[BlackElo "1557"]
[PlyCount "49"]
[EventDate "2002.12.30"]
[EventType "swiss"]
[EventRounds "10"]
[EventCountry "HUN"]
[SourceTitle "CBM 092 Extra"]
[Source "ChessBase"]
[SourceDate "2003.03.07"]
[SourceVersion "1"]
[SourceVersionDate "2003.03.07"]
[SourceQuality "1"]

1. e4 c6 2. d4 d5 3. e5 g6 4. f4 Nh6 5. Nf3 Bg7 6. Bd3 0-0 7. 0-0 Bf5 8. Nc3 Nd7 9. Ne2 Be6 10. Ng3 f6 11. Nh4 Qb6 12. Kh1 Qxd4 13. c3 Qb6 14. f5 gxf5 15. Qh5 Bf7 16. Qe2 e6 17. Bxh6 Bxh6 18. Nhxf5 exf5 19. Nxf5 Bg7 20. e6 Rfe8 21. exf7+ Kxf7 22. Qh5+ Kf8 23. Nxg7 Kxg7 24. Qxh7+ Kf8 25. Qxd7 1-0

[Event "Debrecen Aranybika op 5th"]
[Site "Debrecen"]
[Date "2002.12.27"]
[Round "1.12"]
[White "Pal, Ferenc"]
[Black "Toth, Gyula"]
[Result "1-0"]
[WhiteElo "2058"]
[BlackElo "1637"]
[PlyCount "71"]
[EventDate "2002.12.30"]
[EventType "swiss"]
[EventRounds "10"]
[EventCountry "HUN"]
[SourceTitle "CBM 092 Extra"]
[Source "ChessBase"]
[SourceDate "2003.03.07"]
[SourceVersion "1"]
[SourceVersionDate "2003.03.07"]
[SourceQuality "1"]

1. e4 e5 2. Nf3 d6 3. Bc4 h6 4. 0-0 Nf6 5. d4 exd4 6. Qxd4 Nc6 7. Bb5 Bd7 8. Bxc6 Bxc6 9. Nc3 Be7 10. Nd5 Bxd5 11. exd5 0-0 12. c4 Re8 13. Bd2 Nh7 14. Rae1 Bf6 15. Rxe8+ Qxe8 16. Qg4 Kh8 17. b3 Qd8 18. h4 c6 19. dxc6 bxc6 20. g3 Nf8 21. Nd4 Qc7 22. Nf5 Ng6 23. Qe4 Qd7 24. Nd4 d5 25. cxd5 cxd5 26. Qf5 Qd6 27. Be3 a6 28. Rc1 Rd8 29. Rc6 Qa3 30. Rxf6 Ne7 31. Rxh6+ gxh6 32. Qf6+ Kh7 33. Qxf7+ Kh8 34. Ne6 Rg8 35. Bd4+ Rg7 36. Qxg7# 1-0

[Event "Piremon Nyirsegi Torna op"]
[Site "Nyiregyhaza"]
[Date "2002.07.04"]
[Round "6"]
[White "Pal, Ferenc"]
[Black "Szilagyi, Sandor"]
[Result "1-0"]
[WhiteElo "2069"]
[BlackElo "2111"]
[PlyCount "119"]
[EventDate "2002.06.29"]
[EventType "swiss"]
[EventRounds "9"]
[EventCountry "HUN"]
[SourceTitle "EXT 2004"]
[Source "ChessBase"]
[SourceDate "2003.11.25"]
[SourceVersion "1"]
[SourceVersionDate "2003.11.25"]
[SourceQuality "1"]

1. e4 c5 2. Nf3 g6 3. Bc4 Bg7 4. 0-0 e5 5. Nc3 Ne7 6. Ng5 0-0 7. f4 h6 8. Nxf7 Qc7 9. Nxe5+ Kh7 10. d3 a6 11. a4 d6 12. Ng4 Nbc6 13. Nd5 Nxd5 14. Bxd5 Bd7 15. c3 Rae8 16. Be3 Ne7 17. Bb3 b5 18. axb5 axb5 19. Nf2 Nc8 20. Rc1 Nb6 21. Bc2 c4 22. d4 Bc8 23. Qf3 Bb7 24. Qg3 Bc8 25. Nh3 d5 26. e5 Bf5 27. Qf3 Qd7 28. Nf2 h5 29. Nh1 Bh6 30. h3 Rg8 31. Ng3 Bxc2 32. Rxc2 Ref8 33. Rcf2 h4 34. Ne2 Na4 35. Bc1 Rf5 36. Qg4 Qe7 37. Kh2 Rgf8 38. g3 g5 39. gxh4 gxh4 40. Rg2 Qf7 41. Qxh4 Rh5 42. Qg4 Qf5 43. Qxf5+ Rhxf5 44. Rgf2 Rb8 45. Ng3 Rff8 46. f5 b4 47. Bxh6 Kxh6 48. Ne2 Nxb2 49. cxb4 Nd3 50. Rg2 Rxb4 51. f6 Rb6 52. Nc3 Nxe5 53. dxe5 d4 54. Rf4 Kh5 55. Rxd4 Re6 56. Rd5 Rfe8 57. Rd7 Kh6 58. f7 Rb8 59. Rg8 Rb2+ 60. Kg3 1-0

[Event "Nyiregyhaza op"]
[Site "Nyiregyhaza"]
[Date "2001.07.12"]
[Round "6"]
[White "Kardos Szabo, Imre"]
[Black "Pal, Ferenc"]
[Result "1/2-1/2"]
[WhiteElo "2059"]
[BlackElo "2038"]
[PlyCount "92"]
[EventDate "2001.07.07"]
[EventType "swiss"]
[EventRounds "9"]
[EventCountry "HUN"]
[SourceTitle "EXT 2008"]
[Source "ChessBase"]
[SourceDate "2007.11.25"]
[SourceVersion "1"]
[SourceVersionDate "2007.11.25"]
[SourceQuality "1"]

1. e4 c5 2. Nc3 Nc6 3. f4 d6 4. Nd5 Nf6 5. Nxf6+ exf6 6. Nf3 Qc7 7. d3 f5 8. c3 fxe4 9. dxe4 Bg4 10. Be2 Be7 11. Be3 Rd8 12. Bc4 Bh4+ 13. g3 Bf6 14. 0-0 0-0 15. Qc2 Be6 16. Bd3 c4 17. Be2 b5 18. f5 Bc8 19. a4 a6 20. Nd4 d5 21. Nxc6 Qxc6 22. axb5 Qxb5 23. Ra4 Rfe8 24. Rb4 Qd7 25. Bb6 d4 26. Bxc4 dxc3 27. bxc3 Qd2 28. Qxd2 Rxd2 29. Rf3 Bb7 30. Re3 Rc2 31. Bd4 Bxd4 32. cxd4 Bc8 33. Bd3 Rd2 34. g4 g6 35. Rb8 Kf8 36. e5 gxf5 37. gxf5 Ke7 38. d5 Rg8+ 39. Kf1 Kd8 40. d6 Kd7 41. e6+ fxe6 42. fxe6+ Kxd6 43. e7 Bh3+ 44. Ke1 Rxb8 45. Kxd2 Bd7 46. Bxa6 Re8 1/2-1/2

[Event "Nyiregyhaza op"]
[Site "Nyiregyhaza"]
[Date "2001.07.11"]
[Round "5"]
[White "Palasti, Ferenc"]
[Black "Pal, Ferenc"]
[Result "1-0"]
[WhiteElo "2108"]
[BlackElo "2038"]
[PlyCount "103"]
[EventDate "2001.07.07"]
[EventType "swiss"]
[EventRounds "9"]
[EventCountry "HUN"]
[SourceTitle "EXT 2008"]
[Source "ChessBase"]
[SourceDate "2007.11.25"]
[SourceVersion "1"]
[SourceVersionDate "2007.11.25"]
[SourceQuality "1"]

1. d4 d5 2. Bf4 Nc6 3. c4 Nf6 4. Nc3 Bf5 5. Rc1 e6 6. c5 a6 7. a3 Nh5 8. Be3 Nf6 9. b4 Ne4 10. g3 e5 11. Nf3 Nxc3 12. Rxc3 Be4 13. Bg2 exd4 14. Bxd4 Nxd4 15. Qxd4 Be7 16. Re3 0-0 17. 0-0 f5 18. Qd2 Bf6 19. Nd4 Bxd4 20. Qxd4 Bxg2 21. Kxg2 c6 22. Rd1 Qf6 23. Qxf6 Rxf6 24. Re7 Rf7 25. Re6 Kf8 26. Rd3 Re8 27. Rde3 Rfe7 28. Rxe7 Rxe7 29. Kf3 Re4 30. Rxe4 fxe4+ 31. Kf4 Ke7 32. Kf5 Kd7 33. g4 Kc7 34. g5 Kd7 35. h4 Ke8 36. h5 Ke7 37. e3 Kd7 38. h6 Ke7 39. Ke5 g6 40. a4 Kd7 41. Kf6 b6 42. Kg7 a5 43. bxa5 bxc5 44. Kxh7 d4 45. Kxg6 d3 46. h7 d2 47. h8Q d1Q 48. Qg7+ Kd6 49. Qf8+ Kc7 50. Qe7+ Qd7 51. Qxd7+ Kxd7 52. Kf5 1-0

[Event "Nyiregyhaza op"]
[Site "Nyiregyhaza"]
[Date "2001.07.10"]
[Round "4"]
[White "Pal, Ferenc"]
[Black "Kovacs, Laszlo"]
[Result "1/2-1/2"]
[WhiteElo "2038"]
[BlackElo "2106"]
[PlyCount "130"]
[EventDate "2001.07.07"]
[EventType "swiss"]
[EventRounds "9"]
[EventCountry "HUN"]
[SourceTitle "EXT 2008"]
[Source "ChessBase"]
[SourceDate "2007.11.25"]
[SourceVersion "1"]
[SourceVersionDate "2007.11.25"]
[SourceQuality "1"]

1. e4 c5 2. Nf3 d6 3. Nc3 Nf6 4. Bc4 e6 5. 0-0 Be7 6. d4 cxd4 7. Nxd4 0-0 8. Nf3 a6 9. Bg5 b5 10. Bd3 Bb7 11. e5 dxe5 12. Nxe5 Qc7 13. Ng4 Nbd7 14. Re1 Nxg4 15. Qxg4 Nc5 16. Bxe7 Qxe7 17. Be2 Qf6 18. Qh5 Rac8 19. a3 Qf4 20. Rad1 g6 21. Qh3 Rfd8 22. Qg3 Qxg3 23. hxg3 Kg7 24. Bf3 Bxf3 25. gxf3 h5 26. Kf1 Kf8 27. Ke2 Nd7 28. Rd6 Nc5 29. Red1 Rxd6 30. Rxd6 Ke7 31. Rb6 g5 32. Kf1 f5 33. Ne2 h4 34. gxh4 gxh4 35. Nf4 h3 36. Nxh3 Nd7 37. Rxa6 Rxc2 38. b4 Rc3 39. Kg2 Ne5 40. Ng5 Nc6 41. f4 Nd4 42. Ra7+ Kd6 43. Nf7+ Kd5 44. Ra6 Ke4 45. Nd6+ Kxf4 46. Ra5 e5 47. a4 bxa4 48. Rxa4 Rb3 49. Nc4 e4 50. Ne3 Kg5 51. Nd5 Ne2 52. Ne3 Nd4 53. Nd5 Ne2 54. Ne3 Nf4+ 55. Kh2 Rb2 56. Ra5 Rxf2+ 57. Kg1 Rf3 58. Rxf5+ Kg6 59. Kh1 Rh3+ 60. Kg1 Ne2+ 61. Kf2 Rh2+ 62. Ke1 Nc3 63. Rf2 Rxf2 64. Kxf2 Kf6 65. Nc4 Ke6 1/2-1/2

[Event "Alfoeld Cup op"]
[Site "Hajduszoboszlo"]
[Date "2000.08.25"]
[Round "8"]
[White "Pal, Ferenc"]
[Black "Lengyel, Laszlo"]
[Result "0-1"]
[WhiteElo "2065"]
[BlackElo "2185"]
[PlyCount "52"]
[EventDate "2000.08.??"]
[EventType "swiss"]
[EventRounds "9"]
[EventCountry "HUN"]
[SourceTitle "EXT 2004"]
[Source "ChessBase"]
[SourceDate "2003.11.25"]
[SourceVersion "1"]
[SourceVersionDate "2003.11.25"]
[SourceQuality "1"]

1. e4 c5 2. Nf3 Nc6 3. d4 cxd4 4. Nxd4 g6 5. Nc3 Bg7 6. Be3 Nf6 7. Be2 0-0 8. h4 d5 9. Nxc6 bxc6 10. e5 Nd7 11. f4 Rb8 12. 0-0 Rxb2 13. h5 e6 14. Rf3 Qe7 15. Rh3 c5 16. Nb5 Ba6 17. a4 Bxb5 18. axb5 c4 19. Rxa7 Rd8 20. hxg6 hxg6 21. b6 Qb4 22. c3 Qb5 23. Qd4 Rxe2 24. b7 Rb8 25. f5 Qb1+ 26. Kh2 Bxe5+ 0-1

[Event "Alfoeld Cup op"]
[Site "Hajduszoboszlo"]
[Date "2000.08.20"]
[Round "2"]
[White "Solymosi, Istvan"]
[Black "Pal, Ferenc"]
[Result "1-0"]
[WhiteElo "2218"]
[BlackElo "2065"]
[PlyCount "75"]
[EventDate "2000.08.??"]
[EventType "swiss"]
[EventRounds "9"]
[EventCountry "HUN"]
[SourceTitle "EXT 2004"]
[Source "ChessBase"]
[SourceDate "2003.11.25"]
[SourceVersion "1"]
[SourceVersionDate "2003.11.25"]
[SourceQuality "1"]

1. d4 d5 2. c4 e6 3. Nf3 Nf6 4. Nc3 c6 5. e3 Bd6 6. Bd3 dxc4 7. Bxc4 0-0 8. e4 b5 9. Bd3 Bb4 10. 0-0 Nbd7 11. e5 Ne8 12. Bxh7+ Kxh7 13. Ng5+ Kg8 14. Qh5 Nef6 15. exf6 Nxf6 16. Qh4 Bxc3 17. bxc3 Qd5 18. Re1 Qf5 19. Ba3 Re8 20. Re5 Qg4 21. Qxg4 Nxg4 22. Rc5 Bb7 23. Ne4 Rad8 24. Rg5 f5 25. Nd6 Rxd6 26. Bxd6 Kf7 27. Be5 Nxe5 28. dxe5 Rd8 29. f4 Rd2 30. a4 a6 31. Rg3 Re2 32. Rd1 Bc8 33. axb5 axb5 34. Rd8 Ba6 35. Rd7+ Ke8 36. Ra7 Ra2 37. Rgxg7 Kf8 38. Rgf7+ 1-0

[Event "HUN-chT3 9900"]
[Site "Hungary"]
[Date "2000.04.02"]
[Round "11"]
[White "Herman, Tamas"]
[Black "Pal, Ferenc"]
[Result "1-0"]
[WhiteElo "2212"]
[BlackElo "2100"]
[PlyCount "49"]
[EventDate "1999.09.26"]
[EventType "team"]
[EventRounds "11"]
[EventCountry "HUN"]
[SourceTitle "EXT 2002"]
[Source "ChessBase"]
[SourceDate "2001.11.25"]
[SourceVersion "1"]
[SourceVersionDate "2001.11.25"]
[SourceQuality "1"]

1. e4 c5 2. Nf3 Nc6 3. d4 cxd4 4. Nxd4 e5 5. Nb3 Nf6 6. Bg5 Be7 7. Nc3 0-0 8. Qd2 a6 9. f3 b5 10. Be3 d6 11. g4 Be6 12. g5 Nh5 13. 0-0-0 b4 14. Na4 Bxb3 15. axb3 a5 16. Rg1 g6 17. h4 Ng7 18. Bb5 Na7 19. Bc4 Nc8 20. Kb1 Rb8 21. Rdf1 Ne6 22. h5 Nc5 23. hxg6 hxg6 24. Qh2 Bf6 25. Rh1 1-0